[Event "Mundial Juvenil 2005 s16"]
[Site "Belfort FRA"]
[Date "2005.07.19"]
[Round "1.9"]
[White "Muheim, Lukas"]
[Black "Michalik, Peter"]
[Result "0-1"]
[WhiteElo "2101"]
[BlackElo "2397"]
[PlyCount "48"]
[EventDate "2005.07.19"]
[EventType "swiss"]
[EventRounds "11"]
[EventCountry "FRA"]
[Source "lmi"]
[SourceDate "2005.07.31"]

1. e4 c5 2. Nf3 d6 3. d4 cxd4 4. Nxd4 Nf6 5. Nc3 a6 6. Bc4 e6 7. Bb3 Nbd7 8.
O-O Nc5 9. f4 Qc7 10. f5 e5 11. Nf3 Ncxe4 12. Nxe4 Nxe4 13. Be3 h6 14. Qe2 Nf6
15. Rad1 Be7 16. a4 Bd7 17. c4 Rc8 18. Kh1 O-O 19. Nh4 Bc6 20. Qe1 Qd7 21. Qg3
Bxa4 22. Bxh6 Nh5 23. Qg4 Bxb3 24. Rd3 Rxc4 0-1

[Event "Mundial Juvenil 2005 s16"]
[Site "Belfort FRA"]
[Date "2005.07.19"]
[Round "1.12"]
[White "Krivoborodov, Egor"]
[Black "Jasinskas, Zygimantas"]
[Result "0-1"]
[WhiteElo "2390"]
[BlackElo "2085"]
[PlyCount "33"]
[EventDate "2005.07.19"]
[EventType "swiss"]
[EventRounds "11"]
[EventCountry "FRA"]
[Source "lmi"]
[SourceDate "2005.07.31"]

1. e4 c5 2. Nf3 d6 3. d4 cxd4 4. Nxd4 Nf6 5. Nc3 a6 6. Bg5 e6 7. f4 Be7 8. Qf3
Qc7 9. O-O-O b5 10. Bd3 Nbd7 11. Rhe1 O-O 12. Qh3 Nc5 13. Kb1 Nxd3 14. cxd3 Qb6
15. Nc2 Re8 16. f5 exf5 17. exf5 0-1

[Event "Mundial Juvenil 2005 s16"]
[Site "Belfort FRA"]
[Date "2005.07.19"]
[Round "1.13"]
[White "Ahmed, Ishaq"]
[Black "Gogineni, Rohith"]
[Result "0-1"]
[WhiteElo "2079"]
[BlackElo "2387"]
[PlyCount "118"]
[EventDate "2005.07.19"]
[EventType "swiss"]
[EventRounds "11"]
[EventCountry "FRA"]
[Source "lmi"]
[SourceDate "2005.07.31"]

1. e4 c5 2. Nf3 d6 3. d4 cxd4 4. Nxd4 Nf6 5. Nc3 Nc6 6. f3 e5 7. Nb3 Be7 8. Be3
Be6 9. Qd2 d5 10. exd5 Nxd5 11. Nxd5 Qxd5 12. O-O-O O-O-O 13. Bd3 Nb4 14. Qe2
Qc6 15. Bb5 Qc7 16. Bxa7 Nxa2+ 17. Kb1 Nb4 18. Rhe1 Rxd1+ 19. Rxd1 Bf5 20. Rc1
Bg5 21. Be3 Bxe3 22. Qxe3 Bxc2+ 23. Ka1 b6 24. Qc3 Qxc3 25. bxc3 Bxb3 26. cxb4+
Kb8 27. Kb2 Be6 28. Bc4 Bxc4 29. Rxc4 Rd8 30. Rc2 Rd3 31. Re2 f6 32. Kc2 Rd4
33. Kc3 Kb7 34. Ra2 Kc6 35. Ra7 Rd7 36. Ra2 Kb5 37. Ra8 Rc7+ 38. Kb3 Rc4 39.
Ra7 Rxb4+ 40. Kc3 g5 41. Rxh7 Rh4 42. Rf7 Rxh2 43. Rxf6 Rxg2 44. Rf5 Rg3 45.
Rxe5+ Ka4 46. Re4+ Ka5 47. Kd4 Rxf3 48. Re5+ b5 49. Rxg5 Ka4 50. Rg8 b4 51.
Ra8+ Kb3 52. Rb8 Ka3 53. Kc4 b3 54. Rb7 Ka2 55. Ra7+ Kb1 56. Rb7 b2 57. Kd4 Ka2
58. Ke4 Rh3 59. Ra7+ Ra3 0-1

[Event "Mundial Juvenil 2005 s16"]
[Site "Belfort FRA"]
[Date "2005.07.19"]
[Round "1.15"]
[White "Hasanagic, Alen"]
[Black "Warakomski, Tomasz"]
[Result "0-1"]
[WhiteElo "2073"]
[BlackElo "2375"]
[PlyCount "46"]
[EventDate "2005.07.19"]
[EventType "swiss"]
[EventRounds "11"]
[EventCountry "FRA"]
[Source "lmi"]
[SourceDate "2005.07.31"]

1. d4 d5 2. c4 dxc4 3. Nf3 c5 4. e3 cxd4 5. exd4 Be6 6. Nc3 Nf6 7. Bg5 Nd5 8.
Qd2 Nxc3 9. Qxc3 Qd5 10. Be2 Nc6 11. a4 g6 12. O-O Bg7 13. Be3 Rd8 14. Rfd1 O-O
15. a5 Rd7 16. Ra4 Qb5 17. Rda1 Rfd8 18. Bxc4 Bxc4 19. Rxc4 e5 20. Raa4 exd4
21. Nxd4 Nxd4 22. Bxd4 Bxd4 23. Rxd4 Qxa4 0-1

[Event "Mundial Juvenil 2005 s16"]
[Site "Belfort FRA"]
[Date "2005.07.19"]
[Round "1.18"]
[White "Kharchenko, Boris"]
[Black "Kiratzopoulos, Efthimios"]
[Result "1-0"]
[WhiteElo "2370"]
[BlackElo "2059"]
[PlyCount "29"]
[EventDate "2005.07.19"]
[EventType "swiss"]
[EventRounds "11"]
[EventCountry "FRA"]
[Source "lmi"]
[SourceDate "2005.07.31"]

1. e4 c5 2. c3 d5 3. exd5 Qxd5 4. d4 Nc6 5. Nf3 Bg4 6. Be2 Nf6 7. c4 Qf5 8. d5
Bxf3 9. Bxf3 Nd4 10. Na3 Nxf3+ 11. Qxf3 Qxf3 12. gxf3 a6 13. Be3 e6 14. dxe6
fxe6 15. Rg1 1-0

[Event "Mundial Juvenil 2005 s16"]
[Site "Belfort FRA"]
[Date "2005.07.19"]
[Round "1.19"]
[White "Jukemura, Rodrigo"]
[Black "Spoelman, Wouter"]
[Result "0-1"]
[WhiteElo "2058"]
[BlackElo "2365"]
[PlyCount "72"]
[EventDate "2005.07.19"]
[EventType "swiss"]
[EventRounds "11"]
[EventCountry "FRA"]
[Source "lmi"]
[SourceDate "2005.07.31"]

1. d4 Nf6 2. c4 e6 3. Nf3 b6 4. a3 Ba6 5. Qc2 Bb7 6. Nc3 c5 7. e4 cxd4 8. Nxd4
Bc5 9. Nb3 Nc6 10. Be2 Nd4 11. Nxd4 Bxd4 12. Bf3 O-O 13. Bg5 Qb8 14. Nb5 Be5
15. Bxf6 Bxf6 16. Rd1 a6 17. Nd6 Bc6 18. O-O Be5 19. Qd2 Ba4 20. b3 Bxb3 21.
Rb1 Ba4 22. c5 Qc7 23. cxb6 Qxd6 24. Qxd6 Bxd6 25. e5 Bxe5 26. Bxa8 Rxa8 27.
Rb4 Bc6 28. Rc1 Rb8 29. a4 a5 30. Rbb1 Bd4 31. b7 Kf8 32. Rc4 e5 33. Rc2 Rxb7
34. Rxb7 Bxb7 35. Kf1 Bd5 36. Rc7 Bc6 0-1

[Event "Mundial Juvenil 2005 s16"]
[Site "Belfort FRA"]
[Date "2005.07.19"]
[Round "1.20"]
[White "Dasari, Sai Srivinas"]
[Black "Trang, Jean-Pierre"]
[Result "1-0"]
[WhiteElo "2360"]
[BlackElo "2057"]
[PlyCount "127"]
[EventDate "2005.07.19"]
[EventType "swiss"]
[EventRounds "11"]
[EventCountry "FRA"]
[Source "lmi"]
[SourceDate "2005.07.31"]

1. e4 d6 2. d4 Nf6 3. Nc3 g6 4. g3 Bg7 5. Bg2 O-O 6. Nge2 Nc6 7. O-O e5 8. dxe5
dxe5 9. Bg5 h6 10. Qxd8 Rxd8 11. Bxf6 Bxf6 12. Nd5 Kg7 13. Nxc7 Bg4 14. Nc3
Rac8 15. N7d5 Nd4 16. Nxf6 Kxf6 17. Nd5+ Kg7 18. c3 Nf3+ 19. Kh1 Nd2 20. Rfe1
Bf3 21. Bxf3 Nxf3 22. Re2 Ng5 23. Ne3 f6 24. Nf1 Rc4 25. Nd2 Rc7 26. h4 Rcd7
27. Nf1 Ne6 28. Kg2 Nc5 29. f3 Kf7 30. Rc1 Ke6 31. Ne3 f5 32. b4 Nd3 33. Rcc2
f4 34. Nd5 fxg3 35. Kxg3 Rf8 36. Rcd2 Nf4 37. Nxf4+ exf4+ 38. Kg4 Rc7 39. Rd3
Rfc8 40. Rc2 Rc4 41. a3 a5 42. Kxf4 axb4 43. axb4 Rxb4 44. cxb4 Rxc2 45. Rd5
Rc6 46. Rb5 b6 47. Rd5 Rc4 48. Rb5 Rc6 49. Re5+ Kd6 50. Re8 Rc4 51. Rg8 g5+ 52.
hxg5 hxg5+ 53. Kxg5 Rxb4 54. Kf5 Rb5+ 55. Kf4 Rh5 56. Rd8+ Kc7 57. Rd2 b5 58.
e5 Rh6 59. Kg5 Rb6 60. Kf5 b4 61. e6 b3 62. e7 Rb8 63. Kf6 Rh8 64. Kg7 1-0

[Event "Mundial Juvenil 2005 s16"]
[Site "Belfort FRA"]
[Date "2005.07.20"]
[Round "2.4"]
[White "Ismail, Shereif"]
[Black "Szabo, Krisztian"]
[Result "1/2-1/2"]
[WhiteElo "2215"]
[BlackElo "2422"]
[PlyCount "133"]
[EventDate "2005.07.19"]
[EventType "swiss"]
[EventRounds "11"]
[EventCountry "FRA"]
[Source "lmi"]
[SourceDate "2005.07.31"]

1. Nf3 Nf6 2. c4 e6 3. Nc3 c5 4. e3 Nc6 5. d4 d5 6. cxd5 exd5 7. Be2 cxd4 8.
exd4 Be7 9. O-O O-O 10. Bg5 h6 11. Bh4 g5 12. Bg3 Ne4 13. Ne5 Nxg3 14. fxg3 Qa5
15. Kh1 Nxe5 16. dxe5 Be6 17. Qd3 a6 18. Bd1 Kg7 19. Bc2 Rh8 20. Ne2 Qb5 21.
Qe3 Bc5 22. Qf3 Qd7 23. Rac1 Qe7 24. Bf5 Rac8 25. Nc3 Rhd8 26. Rcd1 Bxf5 27.
Qxf5 Qe6 28. Qf3 d4 29. Ne4 Be7 30. Nf6 Rc6 31. Qe4 Bxf6 32. exf6+ Kg8 33. Rxd4
Qxe4 34. Rxe4 Rc2 35. Rb4 b5 36. a4 bxa4 37. Rxa4 Rdd2 38. Rg1 Rd6 39. Rb4 Rxf6
40. h3 Kg7 41. g4 Rff2 42. Rb6 a5 43. Rb5 a4 44. Rb4 Rf4 45. Rxf4 gxf4 46. Ra1
Rc4 47. Kg1 Rb4 48. Ra2 Kf6 49. Kf2 Ke5 50. Kf3 Kd5 51. Ra3 Kc5 52. h4 Kb5 53.
Ra2 Kc4 54. Ra3 Kb5 55. Ra2 Rc4 56. Ra3 Kb4 57. g5 hxg5 58. hxg5 Kb5 59. Kg4
Rb4 60. Ra2 Rc4 61. Ra3 Kb4 62. Kf3 Rd4 63. g3 fxg3 64. Kxg3 Kc5 65. Rf3 Rd7
66. Kg4 Rb7 67. Kh5 1/2-1/2

[Event "Mundial Juvenil 2005 s16"]
[Site "Belfort FRA"]
[Date "2005.07.20"]
[Round "2.5"]
[White "Sanikidze, Tornike"]
[Black "Coleman, Teddy"]
[Result "1-0"]
[WhiteElo "2417"]
[BlackElo "2228"]
[PlyCount "65"]
[EventDate "2005.07.19"]
[EventType "swiss"]
[EventRounds "11"]
[EventCountry "FRA"]
[Source "lmi"]
[SourceDate "2005.07.31"]

1. d4 Nf6 2. Nf3 e6 3. g3 b6 4. Bg2 Bb7 5. O-O c5 6. c4 cxd4 7. Nxd4 Bxg2 8.
Kxg2 d5 9. Nc3 Be7 10. Qa4+ Qd7 11. Qxd7+ Nbxd7 12. cxd5 Nxd5 13. Nxd5 exd5 14.
Nb5 O-O-O 15. Nxa7+ Kb7 16. Nb5 Rc8 17. Rd1 Nf6 18. Bg5 Rc2 19. Rac1 Rhc8 20.
Rxc2 Rxc2 21. Rd2 Rc5 22. Bxf6 Bxf6 23. Nd6+ Kc6 24. Nxf7 Kd7 25. f4 Ke6 26.
Ng5+ Bxg5 27. fxg5 Ke5 28. Kf3 Rc7 29. Rd3 b5 30. Rb3 Rc5 31. Rc3 Rc4 32. Rxc4
dxc4 33. a3 1-0

[Event "Mundial Juvenil 2005 s16"]
[Site "Belfort FRA"]
[Date "2005.07.20"]
[Round "2.7"]
[White "Pachta, Paul"]
[Black "Olszewski, Michal"]
[Result "1-0"]
[WhiteElo "2201"]
[BlackElo "2399"]
[PlyCount "85"]
[EventDate "2005.07.19"]
[EventType "swiss"]
[EventRounds "11"]
[EventCountry "FRA"]
[Source "lmi"]
[SourceDate "2005.07.31"]

1. d4 Nf6 2. c4 c5 3. d5 b5 4. Nf3 Bb7 5. Qc2 e6 6. e4 exd5 7. cxd5 d6 8. a4
Qe7 9. axb5 Nxd5 10. Nbd2 Nb4 11. Qb1 d5 12. e5 a5 13. Bd3 Nd7 14. O-O g6 15.
Re1 Bg7 16. e6 fxe6 17. Bxg6+ hxg6 18. Qxg6+ Qf7 19. Rxe6+ Kf8 20. Qxf7+ Kxf7
21. Ng5+ Kf8 22. Ra3 d4 23. Nde4 d3 24. Bf4 Bd5 25. Rd6 Ke7 26. Ra1 Rhf8 27. g3
Be5 28. Rxd7+ Kxd7 29. Bxe5 c4 30. Nf6+ Ke7 31. Nge4 Ke6 32. f4 Rad8 33. b6 Rf7
34. Ng5+ Kf5 35. Nxd5 Rfd7 36. Ne3+ Kg6 37. Nxc4 Nd5 38. Bc7 Re8 39. Ne5+ Rxe5
40. Bxe5 Nxb6 41. Bc3 Nc4 42. Ne6 Ne3 43. Nf8+ 1-0

[Event "Mundial Juvenil 2005 s16"]
[Site "Belfort FRA"]
[Date "2005.07.20"]
[Round "2.8"]
[White "Michalik, Peter"]
[Black "Diamant, Andre"]
[Result "1-0"]
[WhiteElo "2397"]
[BlackElo "2226"]
[PlyCount "71"]
[EventDate "2005.07.19"]
[EventType "swiss"]
[EventRounds "11"]
[EventCountry "FRA"]
[Source "lmi"]
[SourceDate "2005.07.31"]

1. e4 c5 2. Nf3 Nc6 3. d4 cxd4 4. Nxd4 g6 5. Nc3 Bg7 6. Be3 Nf6 7. Bc4 O-O 8.
Bb3 a5 9. f3 d5 10. Bxd5 Nxd5 11. Nxd5 f5 12. Nxc6 bxc6 13. Nb6 Rb8 14. Qxd8
Rxd8 15. Rd1 Rxd1+ 16. Kxd1 fxe4 17. Nxc8 Rxc8 18. b3 exf3 19. gxf3 Be5 20. Ke2
Bd6 21. a4 Rf8 22. h3 Rf5 23. Rg1 Rh5 24. Rg5 Rxh3 25. Rxa5 Rh2+ 26. Kd3 Rh1
27. Ra8+ Kf7 28. a5 Ra1 29. a6 Ke6 30. a7 c5 31. b4 Ra3+ 32. c3 h5 33. bxc5 Be5
34. c6 Rxc3+ 35. Ke2 Bc7 36. Rb8 1-0

[Event "Mundial Juvenil 2005 s16"]
[Site "Belfort FRA"]
[Date "2005.07.20"]
[Round "2.12"]
[White "Warakomski, Tomasz"]
[Black "Monsieux, Cyril"]
[Result "1-0"]
[WhiteElo "2375"]
[BlackElo "2206"]
[PlyCount "67"]
[EventDate "2005.07.19"]
[EventType "swiss"]
[EventRounds "11"]
[EventCountry "FRA"]
[Source "lmi"]
[SourceDate "2005.07.31"]

1. e4 e6 2. d4 d5 3. Nd2 Nf6 4. e5 Nfd7 5. c3 c5 6. Bd3 b6 7. Bb5 a6 8. Bd3 Nc6
9. Ne2 a5 10. Qa4 Qc7 11. a3 Ba6 12. Bxa6 Rxa6 13. b4 Ra7 14. b5 Ne7 15. O-O h5
16. Nf3 Nf5 17. c4 dxc4 18. Bf4 cxd4 19. Nexd4 g5 20. Nxf5 gxf4 21. N5d4 Nxe5
22. Nxe5 Qxe5 23. Nc6 Qg5 24. Qxc4 Rd7 25. Rad1 Bd6 26. Rd3 Rg8 27. Qe4 f3 28.
g3 h4 29. Qxf3 hxg3 30. fxg3 Qxb5 31. Rxd6 Qc5+ 32. Rd4 e5 33. Re1 Rg5 34. Qe3
1-0

[Event "Mundial Juvenil 2005 s16"]
[Site "Belfort FRA"]
[Date "2005.07.20"]
[Round "2.15"]
[White "Aghayev, Nijat"]
[Black "Kharchenko, Boris"]
[Result "1/2-1/2"]
[WhiteElo "2183"]
[BlackElo "2370"]
[PlyCount "67"]
[EventDate "2005.07.19"]
[EventType "swiss"]
[EventRounds "11"]
[EventCountry "FRA"]
[Source "lmi"]
[SourceDate "2005.07.31"]

1. e4 e5 2. Nf3 Nc6 3. Nc3 Nf6 4. d4 exd4 5. Nxd4 Bb4 6. Nxc6 bxc6 7. Bd3 d5 8.
exd5 cxd5 9. O-O O-O 10. Bg5 c6 11. Qf3 Bd6 12. h3 Rb8 13. Rab1 h6 14. Bxf6
Qxf6 15. Qxf6 gxf6 16. b3 Be6 17. Ne2 c5 18. c4 dxc4 19. Bxc4 Rfd8 20. Bxe6
fxe6 21. Rbc1 Rb4 22. Rfd1 Kf7 23. Kf1 Ke7 24. Rd3 f5 25. g3 Rdb8 26. Rcd1 R8b6
27. Re3 Ra6 28. Nc3 Rd4 29. Rde1 e5 30. Rxe5+ Bxe5 31. Rxe5+ Kf6 32. Rxc5 Kg6
33. a4 f4 34. Ke2 1/2-1/2

[Event "Mundial Juvenil 2005 s16"]
[Site "Belfort FRA"]
[Date "2005.07.20"]
[Round "2.18"]
[White "Azaladze, Shota"]
[Black "Volodin, Aleksandr"]
[Result "0-1"]
[WhiteElo "2358"]
[BlackElo "2159"]
[PlyCount "58"]
[EventDate "2005.07.19"]
[EventType "swiss"]
[EventRounds "11"]
[EventCountry "FRA"]
[Source "lmi"]
[SourceDate "2005.07.31"]

1. d4 Nf6 2. g3 g6 3. Bg2 Bg7 4. e4 d6 5. Nc3 O-O 6. Nge2 e5 7. O-O Nbd7 8. h3
c6 9. a4 exd4 10. Nxd4 Nc5 11. Re1 Re8 12. Bf4 Nh5 13. Be3 Nf6 14. f3 a5 15.
Qd2 Qb6 16. Rad1 Bd7 17. Nb3 Nxb3 18. Qxd6 Qb4 19. cxb3 Be6 20. Rd2 Qxb3 21.
Red1 Nd7 22. Bd4 Bh6 23. Rd3 Bc4 24. Nd5 Bxd3 25. Nf6+ Nxf6 26. Qxf6 Be3+ 27.
Bxe3 Qxd1+ 28. Kh2 Re6 29. Qd4 Be2 0-1

[Event "Mundial Juvenil 2005 s16"]
[Site "Belfort FRA"]
[Date "2005.07.20"]
[Round "2.19"]
[White "Genzling, Alain"]
[Black "Dourerassou, Jonathan"]
[Result "1/2-1/2"]
[WhiteElo "2158"]
[BlackElo "2358"]
[PlyCount "104"]
[EventDate "2005.07.19"]
[EventType "swiss"]
[EventRounds "11"]
[EventCountry "FRA"]
[Source "lmi"]
[SourceDate "2005.07.31"]

1. e4 c5 2. Nf3 Nc6 3. d4 cxd4 4. Nxd4 Qc7 5. Nc3 e6 6. Be2 a6 7. O-O Nf6 8.
Be3 Bb4 9. Na4 Bd6 10. g3 b5 11. Nb6 Rb8 12. Nxc8 Rxc8 13. a4 Nxd4 14. Bxd4 e5
15. Be3 Bc5 16. Bxc5 Qxc5 17. axb5 axb5 18. Ra5 Rb8 19. Qd3 O-O 20. c3 Qc6 21.
Bf3 Rfc8 22. Rd1 Qb6 23. Rda1 h6 24. Be2 Qc6 25. Rxb5 Rxb5 26. Qxb5 Qxe4 27.
Bd3 Qf3 28. Be2 Qf5 29. Bd3 Qe6 30. Qb7 Re8 31. Ra6 d6 32. Qc7 e4 33. Bc4 Nd5
34. Bxd5 Qxd5 35. Rxd6 Qg5 36. Qd7 Ra8 37. Rd1 e3 38. Qd3 exf2+ 39. Kxf2 Re8
40. Kg2 h5 41. Rf1 Rd8 42. Qf5 Rd2+ 43. Kh1 Qe7 44. Qc8+ Rd8 45. Qf5 Qb7+ 46.
Qf3 Qb3 47. Rf2 g6 48. Kg2 Qc4 49. Qf4 Qd5+ 50. Qf3 Qc4 51. Qf4 Qd5+ 52. Qf3
Qc4 1/2-1/2

[Event "Mundial Juvenil 2005 s16"]
[Site "Belfort FRA"]
[Date "2005.07.20"]
[Round "2.20"]
[White "Pudas, Teemu"]
[Black "Larino Nieto, David"]
[Result "0-1"]
[WhiteElo "2154"]
[BlackElo "2350"]
[PlyCount "84"]
[EventDate "2005.07.19"]
[EventType "swiss"]
[EventRounds "11"]
[EventCountry "FRA"]
[Source "lmi"]
[SourceDate "2005.07.31"]

1. e4 e6 2. Nf3 d5 3. e5 c5 4. b4 cxb4 5. a3 Nc6 6. axb4 Bxb4 7. c3 Be7 8. d4
f6 9. Bd3 fxe5 10. dxe5 Qc7 11. Qe2 Nh6 12. Bxh6 gxh6 13. O-O O-O 14. Re1 Bd7
15. Qe3 Rf7 16. Qxh6 Rg7 17. Ra4 Kh8 18. Rg4 Rag8 19. Rg3 Bc8 20. Rh3 Bd8 21.
Rh5 Qf7 22. Kf1 Rf8 23. c4 Ne7 24. Nc3 Ng8 25. Qxh7+ Rxh7 26. Rxh7+ Qxh7 27.
Bxh7 Kxh7 28. cxd5 Ba5 29. Ng5+ Kg6 30. Nge4 exd5 31. Ra1 Bc7 32. Nxd5 Bxe5 33.
Rxa7 Bf5 34. Ra4 Bd7 35. Rb4 Bc6 36. Nec3 Rd8 37. Rg4+ Kh5 38. h3 Rxd5 39. Nxd5
Bxd5 40. f4 Bf6 41. f5 b5 42. Ke1 Nh6 0-1

[Event "Mundial Juvenil 2005 s16"]
[Site "Belfort FRA"]
[Date "2005.07.21"]
[Round "3.4"]
[White "Lemos, Damian"]
[Black "Michalik, Peter"]
[Result "1/2-1/2"]
[WhiteElo "2284"]
[BlackElo "2397"]
[PlyCount "52"]
[EventDate "2005.07.19"]
[EventType "swiss"]
[EventRounds "11"]
[EventCountry "FRA"]
[Source "lmi"]
[SourceDate "2005.07.31"]

1. d4 Nf6 2. c4 e6 3. Nc3 Bb4 4. Qc2 d5 5. a3 Be7 6. Nf3 O-O 7. Bg5 b6 8. e3
Bb7 9. Bxf6 Bxf6 10. cxd5 exd5 11. Bd3 h6 12. O-O c6 13. b4 Nd7 14. Rfd1 Qe7
15. Rab1 Rfd8 16. Ne2 g6 17. Nf4 Nf8 18. Qe2 a6 19. Rdc1 Ne6 20. Qc2 Ng5 21.
Nd2 Qd6 22. Nb3 Ne6 23. Nxe6 Qxe6 24. a4 Rd6 25. Qe2 Qe8 26. Rc2 Be7 1/2-1/2

[Event "Mundial Juvenil 2005 s16"]
[Site "Belfort FRA"]
[Date "2005.07.21"]
[Round "3.6"]
[White "Yap, Nicolas A"]
[Black "Warakomski, Tomasz"]
[Result "0-1"]
[WhiteElo "2258"]
[BlackElo "2375"]
[PlyCount "112"]
[EventDate "2005.07.19"]
[EventType "swiss"]
[EventRounds "11"]
[EventCountry "FRA"]
[Source "lmi"]
[SourceDate "2005.07.31"]

1. e4 e5 2. Nf3 Nc6 3. Bb5 a6 4. Ba4 Nf6 5. Bxc6 dxc6 6. d3 Bd6 7. Nbd2 Bg4 8.
h3 Bh5 9. Nc4 Nd7 10. Qe2 f6 11. Bd2 b6 12. O-O-O c5 13. g4 Bf7 14. Kb1 Nf8 15.
Ne3 Ne6 16. Nf5 Qd7 17. g5 Bh5 18. gxf6 Rf8 19. Rdg1 Rxf6 20. Qe3 g6 21. Nxd6+
cxd6 22. Ng5 Nd4 23. h4 O-O-O 24. c3 Ne2 25. Re1 Nf4 26. Qg3 Rdf8 27. d4 c4 28.
Bxf4 Rxf4 29. Qe3 Kb7 30. dxe5 dxe5 31. f3 h6 32. Nh3 Rxh4 33. Rd1 Qe7 34. Rdf1
g5 35. Qe2 Qe6 36. Qg2 Qf7 37. Qg3 Bxf3 38. Kc1 Rxe4 39. Rh2 g4 40. Ng1 h5 41.
Nxf3 gxf3 42. Qg5 Qf4+ 43. Qxf4 Rfxf4 44. Rxh5 Re2 45. Rh6 f2 46. Rhh1 e4 47.
Kb1 e3 48. Kc1 Kc6 49. Kb1 Kd5 50. Kc1 Ke4 51. Kb1 Rd2 52. Kc1 Kf3 53. a3 Ke2
54. a4 Rd5 55. Kc2 Rg4 56. Kc1 Rdg5 0-1

[Event "Mundial Juvenil 2005 s16"]
[Site "Belfort FRA"]
[Date "2005.07.21"]
[Round "3.9"]
[White "Larino Nieto, David"]
[Black "Pachta, Paul"]
[Result "0-1"]
[WhiteElo "2350"]
[BlackElo "2201"]
[PlyCount "106"]
[EventDate "2005.07.19"]
[EventType "swiss"]
[EventRounds "11"]
[EventCountry "FRA"]
[Source "lmi"]
[SourceDate "2005.07.31"]

1. e4 c5 2. Nf3 d6 3. d4 cxd4 4. Qxd4 Nc6 5. Bb5 Qd7 6. Qa4 a6 7. c3 Rb8 8. Bd3
b5 9. Qc2 g6 10. O-O Bg7 11. Bf4 Nf6 12. h3 O-O 13. Re1 Rd8 14. Bh2 Bb7 15.
Nbd2 Rbc8 16. Qb3 Na5 17. Qa3 Nc6 18. Rad1 Qe8 19. Nb3 Nd7 20. Na5 Nxa5 21.
Qxa5 Nc5 22. Bc2 Qd7 23. Nd4 Ba8 24. Rd2 Qb7 25. Qa3 Nd7 26. Nb3 Nb6 27. Na5
Qc7 28. Bf4 Na4 29. Nb3 Nxb2 30. Rde2 Bxc3 31. Rb1 b4 32. Qxa6 Bb7 33. Qb5 Bc6
34. Qg5 Bf6 35. Qg4 Bb5 36. Rd2 Nc4 37. Rd5 Bc6 38. Rh5 Bd7 39. Qg3 Na3 40. Bd3
Nxb1 41. Bxb1 Qc3 42. Bd3 Be6 43. Nd2 Be5 44. Bxe5 dxe5 45. Nf3 Rxd3 46. Kh2
Rxf3 47. gxf3 Qe1 48. Rxe5 Rc2 49. Kg2 Bc4 50. Qh4 Qf1+ 51. Kg3 Qxf2+ 52. Kg4
Be6+ 53. Rxe6 Qxh4+ 0-1

[Event "Mundial Juvenil 2005 s16"]
[Site "Belfort FRA"]
[Date "2005.07.21"]
[Round "3.10"]
[White "Barnett, Alexander"]
[Black "Vila Gazquez, Javier"]
[Result "1-0"]
[WhiteElo "2193"]
[BlackElo "2338"]
[PlyCount "129"]
[EventDate "2005.07.19"]
[EventType "swiss"]
[EventRounds "11"]
[EventCountry "FRA"]
[Source "lmi"]
[SourceDate "2005.07.31"]

1. e4 c5 2. Nf3 Nc6 3. d4 cxd4 4. Nxd4 Qc7 5. Be3 Nf6 6. Nc3 e6 7. Bd3 a6 8.
O-O Nxd4 9. Bxd4 Bc5 10. Be2 d6 11. Qd2 Bxd4 12. Qxd4 e5 13. Qb4 Qc5 14. a3 Ke7
15. Rfd1 Qxb4 16. axb4 Be6 17. Nd5+ Bxd5 18. exd5 Nd7 19. c4 Rhc8 20. Ra3 f5
21. f3 Kf6 22. Kf2 Nb6 23. b3 Nd7 24. Ke3 Re8 25. Bd3 g6 26. Ra5 Rec8 27. Be2
Ke7 28. g3 Kf6 29. Kd2 h5 30. Rda1 Nb6 31. Bd1 h4 32. g4 Rd8 33. h3 Rdc8 34.
Ke3 Re8 35. R1a2 Rg8 36. Be2 Rgc8 37. Bd3 Re8 38. Bb1 Rec8 39. b5 axb5 40. Rxb5
Rxa2 41. Bxa2 Ra8 42. Rxb6 Rxa2 43. Rxd6+ Kg5 44. gxf5 gxf5 45. Re6 f4+ 46. Kd3
Kf5 47. Re8 Rf2 48. Rf8+ Kg6 49. d6 Rxf3+ 50. Ke2 Re3+ 51. Kf2 Rd3 52. c5 Kg7
53. Rf5 Rd5 54. b4 Kg6 55. Rf8 Kg7 56. Re8 Kf6 57. b5 Kf7 58. Rh8 e4 59. c6
bxc6 60. bxc6 Rd2+ 61. Ke1 e3 62. d7 f3 63. d8=Q f2+ 64. Kf1 e2+ 65. Kxf2 1-0

[Event "Mundial Juvenil 2005 s16"]
[Site "Belfort FRA"]
[Date "2005.07.21"]
[Round "3.12"]
[White "Volodin, Aleksandr"]
[Black "Tomczak, Jacek"]
[Result "1/2-1/2"]
[WhiteElo "2159"]
[BlackElo "2329"]
[PlyCount "99"]
[EventDate "2005.07.19"]
[EventType "swiss"]
[EventRounds "11"]
[EventCountry "FRA"]
[Source "lmi"]
[SourceDate "2005.07.31"]

1. d4 d5 2. Bg5 c6 3. e3 Qb6 4. b3 Bf5 5. Bd3 Bg6 6. Nf3 Nd7 7. O-O Ngf6 8. c4
Ne4 9. cxd5 cxd5 10. Bxe4 dxe4 11. Nh4 e6 12. Nd2 Qc6 13. Rc1 Qd5 14. Nxg6 hxg6
15. Bf4 b5 16. Qc2 Ba3 17. Rb1 Nf6 18. b4 a5 19. bxa5 O-O 20. Rb3 Rfc8 21. Qb1
Rxa5 22. Be5 Nd7 23. Nxe4 Nxe5 24. dxe5 Qxe5 25. Rd1 Be7 26. Rd7 Qxe4 27. Rxe7
Qxb1+ 28. Rxb1 Rxa2 29. h3 Rcc2 30. Re8+ Kh7 31. Rb4 g5 32. Rxb5 Kg6 33. Rb4
Ra1+ 34. Kh2 Rxf2 35. h4 Ra5 36. Rg4 Re2 37. Rg3 Re5 38. Rf3 R2xe3 39. h5+ Kxh5
40. Rxf7 R5e4 41. Rxg7 Rh4+ 42. Kg1 Re1+ 43. Kf2 Rhe4 44. Reg8 R1e2+ 45. Kf1
Re1+ 46. Kf2 R4e2+ 47. Kf3 Re3+ 48. Kf2 Re5 49. Rxg5+ Rxg5 50. Rxg5+ 1/2-1/2

[Event "Mundial Juvenil 2005 s16"]
[Site "Belfort FRA"]
[Date "2005.07.21"]
[Round "3.19"]
[White "Green, Andrew"]
[Black "Goginenni, Rohith"]
[Result "0-1"]
[WhiteElo "1876"]
[BlackElo "2387"]
[PlyCount "68"]
[EventDate "2005.07.19"]
[EventType "swiss"]
[EventRounds "11"]
[EventCountry "FRA"]
[Source "lmi"]
[SourceDate "2005.07.31"]

1. e4 c5 2. Nf3 d6 3. d4 cxd4 4. Nxd4 Nf6 5. Nc3 Nc6 6. Bc4 Qb6 7. Nxc6 bxc6 8.
O-O g6 9. Bb3 Bg7 10. Bf4 Nd7 11. Qd2 O-O 12. Rfe1 Rb8 13. Bg5 Re8 14. Qf4 Ne5
15. h3 Ba6 16. Qh4 Rb7 17. Na4 Qa5 18. f4 Nc4 19. e5 dxe5 20. f5 Nd6 21. fxg6
hxg6 22. Rad1 e4 23. Bxe7 Nf5 24. Bd8 Qe5 25. Qg4 e3 26. Bg5 e2 27. Rd2 Ne3 28.
Qf4 Nf1 29. Qxe5 Bxe5 30. Rd8 Bh2+ 31. Kh1 Rxd8 32. Bxd8 Bg3 33. Rc1 Rd7 34. c3
Rxd8 0-1

[Event "Mundial Juvenil 2005 s16"]
[Site "Belfort FRA"]
[Date "2005.07.22"]
[Round "4.1"]
[White "Nepomniachtchi, Ian"]
[Black "Nakhapetiane, Pogos"]
[Result "1-0"]
[WhiteElo "2502"]
[BlackElo "2325"]
[PlyCount "120"]
[EventDate "2005.07.19"]
[EventType "swiss"]
[EventRounds "11"]
[EventCountry "FRA"]
[Source "lmi"]
[SourceDate "2005.07.31"]

1. e4 c5 2. Nf3 Nc6 3. d4 cxd4 4. Nxd4 Nf6 5. Nc3 e5 6. Ndb5 d6 7. a4 a6 8. Na3
Be6 9. Bc4 Be7 10. Bg5 O-O 11. Bxf6 Bxf6 12. O-O Rc8 13. Nd5 Bg5 14. c3 Kh8 15.
Qe2 Ne7 16. Nxe7 Qxe7 17. Rfd1 f5 18. Bxe6 Qxe6 19. Rd5 fxe4 20. Rad1 e3 21.
fxe3 Be7 22. Nc4 Rc5 23. e4 Rxd5 24. Rxd5 Qh6 25. Rd1 Rf4 26. g3 Qg6 27. Ne3
Rxe4 28. Qf3 d5 29. Nxd5 Bc5+ 30. Kh1 h5 31. b4 Bd6 32. Ne3 Bc7 33. a5 h4 34.
Kg2 h3+ 35. Kf2 Qc6 36. Nd5 Rc4 37. Qf8+ Kh7 38. Qf5+ Qg6 39. Qxh3+ Qh6 40.
Qf5+ Qg6 41. Qxg6+ Kxg6 42. Ke3 Bd8 43. Rf1 Bf6 44. Kd3 Rg4 45. Re1 Rg5 46. Re4
Rh5 47. h4 Rh8 48. Rc4 Kf5 49. Ne3+ Ke6 50. Rc7 g5 51. Rxb7 gxh4 52. gxh4 Rxh4
53. Rb6+ Kf7 54. Rxa6 Bg5 55. Nf5 e4+ 56. Kd4 Rf4 57. Nd6+ Ke6 58. Nc4+ Kd7 59.
Kd5 Ke7 60. Re6+ Kf7 1-0